Central Library OPAC University of Rajshahi

Rural planning and management / (Record no. 58322)

MARC details
000 -LEADER
fixed length control field 01140cam a2200325 a 4500
001 - CONTROL NUMBER
control field 58322
003 - CONTROL NUMBER IDENTIFIER
rucl marc code BD-RjUL
005 - DATE AND TIME OF LATEST TRANSACTION
control field 20211209080616.0
008 - FIXED-LENGTH DATA ELEMENTS--GENERAL INFORMATION
fixed length control field 161217s2001 enka b 001 0 eng
020 ## - INTERNATIONAL STANDARD BOOK NUMBER
International Standard Book Number 1840642203
035 ## - SYSTEM CONTROL NUMBER
System control number (BD-RjUL)58446
040 ## - CATALOGING SOURCE
Original cataloging agency DLC
Transcribing agency DLC
Language of cataloging eng
Modifying agency BD-RjUL
041 ## - LANGUAGE CODE
Language code of text/sound track or separate title eng
082 00 - DEWEY DECIMAL CLASSIFICATION NUMBER
Classification number 307.1412
Edition number 23
Author mark and year RUR 2001
245 00 - TITLE STATEMENT
Title Rural planning and management /
Statement of responsibility, etc. edited by Joe Morris ... [et al.].
260 ## - PUBLICATION, DISTRIBUTION, ETC. (IMPRINT)
Place of publication, distribution, etc. Cheltenham :
Name of publisher, distributor, etc. Edward Elgar Pub.,
Date of publication, distribution, etc. c2001.
300 ## - PHYSICAL DESCRIPTION
Pagination xl, 674 p. :
Illustrations ill. ;
Size 25 cm.
490 1# - SERIES STATEMENT
Series statement Managing the environment for sustainable development ;
Volume/sequential designation 2
Series statement Elgar reference collection
504 ## - BIBLIOGRAPHY, ETC. NOTE
Bibliography, etc Includes bibliographical references and index.
650 #0 - SUBJECT ADDED ENTRY--TOPICAL TERM
Topical term or geographic name as entry element Rural development.
9 (RLIN) 170668
Topical term or geographic name as entry element Environmental policy.
9 (RLIN) 171443
Topical term or geographic name as entry element Sustainable development.
9 (RLIN) 173219
Topical term or geographic name as entry element Economic development
General subdivision Environmental aspects.
9 (RLIN) 173220
700 1# - ADDED ENTRY--PERSONAL NAME
Personal name Morris, Joe,
Dates associated with a name 1948-
830 #0 - SERIES ADDED ENTRY--UNIFORM TITLE
Uniform title Managing the environment for sustainable development ;
Volume number/sequential designation 2
Uniform title Elgar reference collection
942 ## - ADDED ENTRY ELEMENTS (KOHA)
Source of classification or shelving scheme Dewey Decimal Classification
Koha item type Books
Holdings
Lost status Source of classification or shelving scheme Damaged status Not for loan Collection code Permanent Location Current Location Shelving location Date acquired Total Checkouts Full call number Date last seen Copy number Koha item type
  Dewey Decimal Classification   Not For Loan Non-fiction Central Library, University of Rajshahi Central Library, University of Rajshahi Reading Room 13/04/2009   307.1412 RUR 2001 17/12/2016 C-1 Books